| 000 | 00000nam 2200000za 4500 |
| 001 | 9.822166 |
| 003 | CaOODSP |
| 005 | 20221107143628 |
| 007 | cr ||||||||||| |
| 008 | 160808s2001 onc #o f000 0 eng d |
| 040 | |aCaOODSP|beng |
| 043 | |an-cn--- |
| 086 | 1 |aRv48-3/01-1-2001E-PDF |
| 110 | 2 |aCanada Revenue Agency. |
| 245 | 10|aThird-party civil penalties |h[electronic resource]. |
| 260 | |a[Ottawa] : |bCanada Revenue Agency, |c2001. |
| 300 | |a17 p. |
| 490 | 1 |aIncome tax information circular ; |vIC 01-1 |
| 500 | |a"Date: September 18, 2001." |
| 500 | |aIssued also in French under title: Pénalités administratives imposées à des tiers. |
| 520 | 0 |aThis information circular outlines guidelines and processes of the Canada Customs and Revenue Agency (CCRA) for the application of the third-party civil penalties in section 163.2 of the Income Tax Act (ITA) and section 285.1 of the Excise Tax Act (ETA). |
| 692 | 07|2gccst|aTaxation |
| 692 | 07|2gccst|aIncome tax |
| 692 | 07|2gccst|aTaxation regulations |
| 775 | 08|tPénalités administratives imposées à des tiers |w(CaOODSP)9.822169 |
| 830 | #0|aIncome tax information circular ;|vIC 01-1|w(CaOODSP)9.821798 |
| 856 | 40|qPDF|s99 KB|uhttps://publications.gc.ca/collections/collection_2016/arc-cra/Rv48-3-01-1-2001-eng.pdf |